| 000 | 01326cam a2200301 i 4500 | ||
|---|---|---|---|
| 001 | 20924324 | ||
| 005 | 20240829115623.0 | ||
| 008 | 190410s2020 nyu b 001 0 eng | ||
| 010 | _a 2019017349 | ||
| 020 |
_a9780190853464 _q(hbk.; _qacid-free paper) |
||
| 020 |
_a9780190853201 _q(pbk. ; international edition) |
||
| 082 | 0 | 0 | _a621.381,SED |
| 100 | 1 |
_aSedra, Adel S., _eauthor. |
|
| 245 | 1 | 0 |
_aMicroelectronic circuits / _cAdel S. Sedra, University of Waterloo, Kenneth C. Smith, University of Toronto, Tony Chan Carusone, University of Toronto, Vincent Gaudet, University of Waterloo. |
| 250 | _aEighth edition. | ||
| 264 | 1 |
_aNew York ; _aOxford : _bOxford University Press, _c[2020] |
|
| 300 |
_axxviii, 1244 pages ; _c27 cm |
||
| 336 |
_atext _btxt _2rdacontent |
||
| 337 |
_aunmediated _bn _2rdamedia |
||
| 338 |
_avolume _bnc _2rdacarrier |
||
| 505 | 0 | _aPart.1 Devices and Basic Circuits (Page-2), Part.2 Analog Integrated Circuits (Page-498), Part.3 Digital integrated Circuits (Page-1108). | |
| 650 | 0 | _aElectronic circuits. | |
| 650 | 0 | _aMicroelectronics. | |
| 700 | 1 |
_aSmith, Kenneth C. _q(Kenneth Carless), _eauthor. _9125480 |
|
| 700 | 1 |
_aCarusone, Tony Chan, _eauthor. _9125481 |
|
| 700 | 1 |
_aGaudet, Vincent, _eauthor. _9125482 |
|
| 942 |
_2ddc _cREF _e8th Edition _h621.381,SED |
||
| 999 |
_c611227 _d611227 |
||